000 00419cam a2200181ua 4500
020 _c2.00
041 _ahin
_h
082 _a891.54
_bNAG/AD
100 _aNagendra, .
245 _aAdunik hindi natak /
_cNagendra.
_hTextual Documents
250 _a6 /
_b.
260 _a :
_bSahithya rath bhandar ,
_c1960.
300 _a159 ; .
365 _a2.00
504 _a
942 _cBK
999 _c8228
_d8228